| 000 | 00907nab a2200265u 4500 | ||
|---|---|---|---|
| 001 | 07309 | ||
| 003 | HDC | ||
| 007 | c| |||a|c|aaaa | ||
| 008 | 210127b20160229my ||||| |||| 00| 0 may d | ||
| 040 | _aHDC | ||
| 100 |
_aAshriq Fahmy Ahmad / _eauthor _97819 |
||
| 245 | 0 |
_aFasa bioekonomi menggalakkan : _bBiotechCorp terus pacu perkembangan dalam fasa kedua dasar bioteknologi / _cAshriq Fahmy Ahmad |
|
| 336 |
_atext _2rdacontent |
||
| 337 |
_acomputer _2rdamedia |
||
| 338 |
_aonline resource _2rdacarrier |
||
| 650 |
_abio economy _97821 |
||
| 650 |
_abiotechCorp _97820 |
||
| 650 |
_abiotechnology _9343 |
||
| 650 |
_adiscovery _97818 |
||
| 710 | _aUtusan Malaysia | ||
| 856 | _zRequest full-text at [email protected] | ||
| 942 | _2lcc | ||
| 942 | _cNEWS | ||
| 942 | _kNWSC 001368 | ||
| 999 |
_c4633 _d4633 |
||